| 000 | 01255cam a2200241 a 4500 | ||
|---|---|---|---|
| 999 |
_c120 _d120 |
||
| 003 | AR-BaISA | ||
| 005 | 20190128110733.0 | ||
| 008 | 110215s2010 ag ad b 000 0 spa d | ||
| 020 | _a9789875744424 | ||
| 040 | _cAR-BaISA | ||
| 082 | 0 | 4 |
_222 _a362.982 Ar22 |
| 100 | 1 | 0 |
_aArce, Hugo E. _9270 |
| 245 | 1 | 3 |
_aEl sistema de salud: _bde dónde viene y hacia dónde va. Que pasó en el mundo, en el país y en los hospitales durante el siglo XX. Por qué estamos como estamos / _cHugo E. Arce |
| 260 |
_aCiudad Autónoma de Buenos Aires: _bPrometeo, _c2010 |
||
| 300 |
_a526 p.: _bil., graf.; _c21 cm. |
||
| 504 | _aBibliografía p: 501-516 | ||
| 505 |
_tFines del siglo XIX y 1ª parte del siglo XX hasta la segunda guerra mundial -- _tSegunda Guerra Mundial e inmediata posguerra -- _tLos `60, `70 y `80, décadas del Estado de Bienestar y la Guerra Fría -- _tDécada del 90 y principios del siglo XXI -- _tFactores reguladores del Sistema de Salud en la Argentina |
||
| 650 | 1 | 4 |
_aSalud Pública _zArgentina _xhistoria _9226 |
| 650 | 1 | 4 |
_aSistema de salud _zArgentina _xhistoria _9209 |
| 650 | 1 | 4 |
_aPolítica de salud _zArgentina _xhistoria _9216 |
| 856 | 4 | 1 |
_uhttp://core.cambeiro.com.ar/0-161385-0.pdf _yAcceda un extracto de libro aquí |
| 942 |
_2ddc _cLI |
||